000 00522nam a2200193Ia 4500
005 20250326142258.0
008 250326s9999 xx 000 0 und d
020 _a1-55542-164-4
037 _aTextbook
040 _aFMSL
_beng
_cFMSL
041 _aeng
_2eng
084 _aX:8 M9
_qFMSL
100 _aMohrman A M
_9745867
245 0 _aLarge scale organisational change
_cMohrman A M
260 _aOxford
_bOxford, Jossey Bass
_c1990
300 _a314p
942 _cTB
_hX:8 M9
999 _c1294265
_d1294265